MARC

LEADER 00000nam0a2200000 4500
001 207719
005 20231101225422.0
035 |a (RuTPU)RU\TPU\book\226658 
035 |a RU\TPU\book\100237 
090 |a 207719 
100 |a 20120127d1951 km y0rusy50 ca 
101 0 |a rus 
102 |a RU 
105 |a y z 000zy 
200 1 |a Классическая теория поля (новые проблемы)  |f Д. Иваненко, А. Соколов 
205 |a 2-е изд. 
210 |a Москва  |a Ленинград  |c Гостехиздат  |d 1951 
215 |a 480 с. 
320 |a Предметный указатель: с. 472-479. 
606 1 |a Поле, теория  |x (математика)  |2 stltpush  |3 (RuTPU)RU\TPU\subj\50044  |9 68804 
610 1 |a поля 
610 1 |a проблемы 
610 1 |a уравнения эллиптического типа 
610 1 |a уравнения Даламбера 
610 1 |a классическая электродинамика 
610 1 |a интегрирование 
610 1 |a мезодинамика 
610 1 |a вакуум 
610 1 |a теория 
675 |a 512.62  |v 3 
700 1 |a Иваненко  |b Д. 
701 1 |a Соколов  |b А. 
801 1 |a RU  |b 63413507  |c 20060330  |g PSBO 
801 2 |a RU  |b 63413507  |c 20140116  |g PSBO 
942 |c BK